Pane Bůh, tady Anna /

Uloženo v:
Hlavní autor: Fynn, 1919-1999 (Autor)
Další autoři: Šenkyřík, Ladislav, 1957- (Autor)
Médium: Kniha
Jazyk:Czech
Vydáno: V Praze : Karmelitánské nakladatelství, 2018
Vydání:Vydání druhé
Témata:
Celkem bylo vypůjčeno:9x
Tagy:
Žádné tagy
LEADER 01825nam a2200493 i 4500
001 90912
003 CZ PrNK
005 20240330065704.0
007 ta
008 180418s2018 xr a d 000 f cze
015 |a cnb002992798 
999 |c 90912  |d 90912 
020 |a 9788071959946  |q (brožováno) 
040 |a ABA001  |b cze  |d BOA001  |e rda 
041 1 |a cze  |h eng 
072 7 |a 821.111-3  |x Anglická próza, anglicky psaná  |2 Konspekt  |9 25 
080 |a 821.111-3  |2 MRF 
080 |a 27-184.3  |2 MRF 
080 |a 27-584  |2 MRF 
080 |a 17.02  |2 MRF 
080 |a (0:82-322.2)  |2 MRF 
100 0 |a Fynn,  |d 1919-1999  |7 jn20001227224  |4 aut  |9 109910 
240 1 0 |a Mister God, this is Anna.  |l Česky 
245 1 0 |a Pane Bůh, tady Anna /  |c Fynn ; z anglického originálu Mister God, this is Anna ... přeložil Ladislav Šenkyřík 
250 |a Vydání druhé 
264 1 |a V Praze :  |b Karmelitánské nakladatelství,  |c 2018 
300 |a 267 stran :  |b ilustrace ;  |c 19 cm 
336 |a text  |b txt  |2 rdacontent 
337 |a bez média  |b n  |2 rdamedia 
338 |a svazek  |b nc  |2 rdacarrier 
650 0 7 |a křesťanská víra  |7 ph122113  |2 czenas 
650 0 7 |a duchovní život  |7 ph114375  |2 czenas  |9 4145 
650 0 7 |a smysl života  |7 ph125718  |2 czenas  |9 109048 
650 0 9 |a Christian faith  |2 eczenas 
650 0 9 |a spiritual life  |2 eczenas 
650 0 9 |a sense of life  |2 eczenas 
655 7 |a anglické prózy  |7 fd131812  |2 czenas  |9 53419 
655 7 |a náboženské prózy  |7 fd118538  |2 czenas  |9 53301 
655 9 |a English prose  |2 eczenas 
655 9 |a religious prose  |2 eczenas 
700 1 |a Šenkyřík, Ladislav,  |d 1957-  |7 jn20001227225  |4 trl  |9 23405 
910 |a UOG502 
942 |2 ddc  |c KN 
993 |0 0  |1 421180091405  |2 ddc  |4 0  |7 0  |9 77797  |b 0  |c 91405  |d 2019-06-25  |e 9  |f DOSP  |h 299.00  |i Koupě  |l DOSP  |m 1  |r 2021-02-08  |s 2020-07-07  |t 6  |w 2019-06-25  |y KN  |z BELET